000 00693nam a2200265Ia 4500
005 20260302114951.0
008 008 260114s9999 xx 000 0 eng d
020 _a9781501302466
037 _aTextbook
040 _aCRL
040 _beng
040 _cCRL
041 _2eng
041 _aeng
084 _qCRL
100 _aAnat Matar
_91120314
245 0 _aUnderstanding Wittgenstein, Understanding Modernism
260 _bBloomsbury
260 _bBloomsbury Academic
260 _c2017
650 _aLiterary Studies
856 _uhttps://dx.doi.org/10.5040/9781501302466?locatt=label:secondary_bloomsburyCollections
942 _cEBOOK
999 _c1684474
_d1684474